Todos los vientos

保存先:
書誌詳細
第一著者: Durand, Mercedes
フォーマット: 図書
言語:Undetermined
出版事項: San Salvador, El Salvador Ministerio de Educación 1972
主題:
タグ: タグ追加
タグなし, このレコードへの初めてのタグを付けませんか!

MARC

LEADER 00000nam a2200000Ia 4500
008 170316s9999 xx 000 0 und d
040 |a cru BVZT 
090 |a 860 D-18t 
100 |a Durand, Mercedes 
245 |a Todos los vientos 
260 |a San Salvador, El Salvador 
260 |b Ministerio de Educación 
260 |c 1972 
300 |a 164 páginas 
650 |a LITERATURA LATINOAMERICANA 
999 |c 8599  |d 8599 
942 |c 15 D  |h 860 D-18t  |2 z